000 00701nam a2200241Ia 4500
001 65626
003 138403
005 20241128104142.0
008 ||||||n9999 ||| || ||
041 _aspa
110 _aMinisterio de Justicia y del Derecho
_911138
245 0 _aConciliacion estrajudicial contencioso administrativa y laboral
_bdecreto 2511 de 1998
260 _aBogotá :
_c1998.
300 _a21p
562 _e1
650 0 _aAcción laboral
_989468
650 _aANÁLISIS JURÍDICO
_93886
650 _aCOLOMBIA
_989469
650 _aCONCILIACIÓN
_99831
650 0 _aDerecho público
_96129
650 0 _aJURISDICCION CONTENCIOSO ADMINISTRATIVA
_910433
942 _cDO-GO
999 _c65626
_d65626